00242 a2200097 4500001000700000040003500007100002700042240003600069245003100105300000800136154561 cEscola São Tomás de Aquino aMEDEIROS, Celme Farias10aAs letrinhas fazem a festalpor10aAs letrinhas fazem a festa a111